Evaluating sustainable development in the built environment (Record no. 103956)
[ view plain ]
| 000 -LEADER | |
|---|---|
| fixed length control field | 01163cam a2200265 4500 |
| 008 - FIXED-LENGTH DATA ELEMENTS--GENERAL INFORMATION | |
| fixed length control field | 050124n2005 000 0 eng u |
| 020 ## - INTERNATIONAL STANDARD BOOK NUMBER | |
| International Standard Book Number | 0632064862 |
| 035 ## - SYSTEM CONTROL NUMBER | |
| System control number | (Sirsi) u128583 |
| 041 ## - LANGUAGE CODE | |
| Language code of text/sound track or separate title | eng |
| 050 ## - LIBRARY OF CONGRESS CALL NUMBER | |
| Classification number | 333.72 |
| -- | 18 |
| 100 ## - MAIN ENTRY--PERSONAL NAME | |
| Personal name | Brandon, Peter S. |
| 245 ## - TITLE STATEMENT | |
| Title | Evaluating sustainable development in the built environment |
| 260 ## - PUBLICATION, DISTRIBUTION, ETC. | |
| Place of publication, distribution, etc. | Oxford |
| Name of publisher, distributor, etc. | Blackwell Science |
| Date of publication, distribution, etc. | 2005 |
| 300 ## - PHYSICAL DESCRIPTION | |
| Extent | viii, 232p. |
| Other physical details | 25cm. |
| 350 ## - PRICE (NR) (BK AM CF MU VM SE) [OBSOLETE] | |
| Price | 31.45 |
| 520 ## - SUMMARY, ETC. | |
| Summary, etc. | Provides a structure in which all aspects of sustainable development including the built environment can be evaluated in an integrated way. The required structure must aid definition, provide a common set of values, establish measurement methods to define progress and suggest a management system and decision protocol, which enables practitioners to engage and use the resultant structures and information. Offers a set of evaluation techniques and case studies. References. |
| 590 ## - LOCAL NOTE (RLIN) | |
| Local note | NB |
| 650 ## - SUBJECT ADDED ENTRY--TOPICAL TERM | |
| Topical term or geographic name entry element | SUSTAINABLE DEVELOPMENT |
| 650 ## - SUBJECT ADDED ENTRY--TOPICAL TERM | |
| Topical term or geographic name entry element | BUILT ENVIRONMENT |
| 650 ## - SUBJECT ADDED ENTRY--TOPICAL TERM | |
| Topical term or geographic name entry element | ECONOMIC DEVELOPMENT |
| 690 ## - LOCAL SUBJECT ADDED ENTRY--TOPICAL TERM (OCLC, RLIN) | |
| Topical term or geographic name as entry element | DEVELOPMENT-SUSTAINABLE |
| 700 ## - ADDED ENTRY--PERSONAL NAME | |
| Personal name | Lombardi, Patrizia |
| 942 ## - ADDED ENTRY ELEMENTS (KOHA) | |
| Suppress in OPAC | 0 |
| Withdrawn status | Lost status | Source of classification or shelving scheme | Damaged status | Not for loan | Home library | Current library | Shelving location | Date acquired | Cost, normal purchase price | Total Checkouts | Full call number | Barcode | Date last seen | Date last checked out | Copy number | Cost, replacement price | Price effective from | Koha item type |
|---|---|---|---|---|---|---|---|---|---|---|---|---|---|---|---|---|---|---|
| Dewey Decimal Classification | London | London | Books | 18/02/2005 | 26.73 | 21 | 333.72 BRA | 30069699 | 06/08/2019 | 17/11/2009 | 1 | 26.73 | 06/08/2019 | Book |